| 000 | 00443nam a2200169Ia 4500 | ||
|---|---|---|---|
| 003 | LK-CoDNM | ||
| 005 | 20240429120538.0 | ||
| 008 | 010623t1939 xxu||||| |||| 00| 1 sin d | ||
| 040 |
_aLK-CoDNM _dLK-CoDNM _eLK-CoDNM |
||
| 041 | _asin | ||
| 080 | _aජ110 | ||
| 245 | _aනවීන ශාස්ත්රලෝකය | ||
| 246 | _aNaveena Shaasthraalookaya | ||
| 260 |
_bP.W.Noonis _aSeedoowa _c1939 |
||
| 300 | _b20P.,20 cm | ||
| 942 | _cBK | ||
| 999 |
_c99356 _d99356 |
||